000 01348nam a2200217 i 4500
001 153637
003 ES-MaACL
005 20250910213725.0
008 950315m1884 it |||| | ita d
040 _aEUS
_bspa
_cEUS
245 0 0 _aEnciclopedia giuridica italiana
_b: esposizione ordinata e completa dello stato e degli ultimi progressi della scienza, della legislazione e della giurisprudencia nel diritto civile, commerciale, penale, pubblico, giudiziario, costituzionale, amministrativo, internazionale, ecclesiastico, economico... /
_cper opera di una Società di giureconsulti italiani ; sotto la direzione di Pasquale Stanislao Mancini ; vice direttore Enrico Pessina.
260 _aNapoli [etc.] :
_bDottor Leonardo Vallardi, Editore,
_c1884- (
_fR. Tipi de Angelis)
300 _av. ;
_c29 cm.
596 _aDesde volume I-parte V el editor es Società Editrice Libraria.
597 _aTexto a dos col.
650 7 _aDerecho-
_zItalia
_2
_9155182
700 1 _aMancini, Pasquale Stanislao.
_975932
700 1 _aPessina, Enrico,
_d1828-1916
_991450
852 _aES-MaACL
_jC-9887-9926
_z-- Enc. pasta española y rust.
_q-- Contiene 40 v. (faltan del t.II la parte II, del t.IV las partes II-III, del t.VII la parte II, del t.IX la parte I, del t.XI la parte II, y del t.XIII las partes I-III)
999 _c153637
_d153637